[Event "AUTO-OPEN-3036"]
[Site "http://www.queenalice.com/game.php?id=1200822"]
[Date "2013.7.18"]
[Round "1"]
[White "Vermelho"]
[Black "andrelazcano"]
[Result "0-1"]
[WhiteElo "2050"]
[BlackElo "1778"]

1. e4 e5 2. Nf3 Nc6 3. Nc3 g6 4. Bb5 a6 5. Bxc6 bxc6 6. Nxe5 Qg5 7. Nf3 Qxg2 8.
Rg1 Qh3 9. d4 d6 10. Rg3 Qe6 11. Ng5 Qe7 12. Rf3 Bg4 13. Nxf7 Bxf3 14. Qxf3 Qxf7
15. Qxf7+ Kxf7 16. Bf4 Ne7 17. e5 Re8 18. O-O-O Nf5 19. Ne4 Bh6 20. Bxh6 Nxh6
21. Nf6 Re6 22. f4 Rb8 23. Nxh7 Kg7 24. Ng5 Re7 25. e6 Kf6 26. c4 Rxe6 27. Nxe6
Kxe6 28. Kc2 Kf5 29. Rg1 Rg8 30. b4 Kxf4 31. Kd3 Ng4 32. Rf1+ Kg5 33. Rf7 Rc8
34. h3 Nf6 35. h4+ Kf5 36. a4 g5 37. hxg5 Kxg5 38. Rg7+ Kf5 39. Re7 Ne8 40. Kc3
Kf6 41. Rh7 Ke6 42. Rh8 Kd7 43. Rh6 Ra8 44. Rh7+ Kd8 45. Rh5 Nf6 46. Rh8+ Ne8
47. a5 Rb8 48. Rh6 Kc8 49. Rh5 Nf6 50. Rf5 Ne4+ 51. Kd3 Rxb4 52. Kxe4 Rxc4 53.
Rf8+ Kb7 54. Kd3 d5 55. Rf2 Ra4 56. Rb2+ Ka7 57. Rc2 Rxa5 58. Rxc6 Kb7 59. Re6
Ra3+ 60. Kc2 a5 61. Re5 c6 62. Re7+ Kb6 63. Re1 Kb5 64. Rc1 a4 65. Kd2 Ra2+ 66.
Kc3 Re2 67. Rb1+ Ka5 68. Rb7 Re3+ 69. Kd2 Rb3 70. Ra7+ Kb5 71. Kc2 Kb4 72. Rc7
Rc3+ 73. Kd2 a3 74. Ra7 Kc4 75. Ra4+ Kb3 76. Rxa3+ Kxa3 77. Kxc3 Ka4 78. Kd2 Kb3
79. Kd3 Kb4 80. Kd2 Kc4 0-1

[Event "AUTO-MASTER-1920"]
[Site "http://www.queenalice.com/game.php?id=1205478"]
[Date "2013.8.5"]
[Round "1"]
[White "carlosjvega"]
[Black "Vermelho"]
[Result "1-0"]
[WhiteElo "1825"]
[BlackElo "2064"]

1. d4 d5 2. c4 c6 3. c5 Nf6 4. Nc3 Bf5 5. e3 g6 6. Bd3 e6 7. Bxf5 exf5 8. Nge2
Bg7 9. O-O O-O 10. Qc2 b6 11. b4 a5 12. bxa5 Rxa5 13. Na4 bxc5 14. Nxc5 Qc7 15.
Bd2 Rb5 16. a4 Rb6 17. Ba5 Ng4 18. g3 Rb2 19. Qxb2 Qxa5 20. Rab1 Qxc5 21. dxc5
Bxb2 22. Rxb2 Nd7 23. h3 Nge5 24. Nd4 Ra8 25. Rb7 Rxa4 26. Nxc6 Nxc5 27. Rb8+
Kg7 28. Nxe5 Kf6 29. Nc6 Ne4 30. Rb6 Kg5 31. h4+ Kh6 32. Ne7 f4 33. exf4 d4 34.
g4 Kg7 35. f5 d3 36. Rd1 Kf8 37. fxg6 fxg6 38. Nxg6+ hxg6 39. Rxg6 Kf7 40. h5 d2
41. Rc6 Ng5 42. Rc7+ 1-0

[Event "AUTO-MASTER-1920"]
[Site "http://www.queenalice.com/game.php?id=1205479"]
[Date "2013.8.5"]
[Round "1"]
[White "Vermelho"]
[Black "carlosjvega"]
[Result "1-0"]
[WhiteElo "2102"]
[BlackElo "1843"]

1. e4 e5 2. Nf3 Nc6 3. Bb5 d6 4. Bxc6+ bxc6 5. Nc3 Nf6 6. O-O g6 7. Re1 Bg7 8.
d3 O-O 9. d4 Bg4 10. h3 Bxf3 11. Qxf3 exd4 12. Ne2 c5 13. c3 dxc3 14. Nxc3 c6
15. e5 Nd5 16. exd6 Nxc3 17. bxc3 Qxd6 18. Ba3 Rfe8 19. Rxe8+ Rxe8 20. Rd1 Qe5
21. Qxc6 Bf8 22. Qf3 Bd6 23. g3 Qe6 24. Qd5 Qxd5 25. Rxd5 Bf8 26. Bxc5 Bxc5 27.
Rxc5 Re1+ 28. Kg2 Re2 29. Ra5 Rc2 30. Ra3 a5 31. Rxa5 Rxc3 32. Ra7 h5 33. a4 Ra3
34. Ra8+ Kg7 35. a5 Kf6 36. a6 Ke6 37. a7 Kf6 38. h4 Kf5 39. f3 Ra2+ 40. Kf1 f6
41. Ke1 1-0

[Event "AUTO-MASTER-1920"]
[Site "http://www.queenalice.com/game.php?id=1205492"]
[Date "2013.8.5"]
[Round "1"]
[White "JailtonMaster"]
[Black "Vermelho"]
[Result "1-0"]
[WhiteElo "2020"]
[BlackElo "1941"]

1. e4 e5 2. Nf3 Nc6 3. Bb5 Nf6 4. O-O Bc5 5. d3 O-O 6. Bg5 Be7 7. Nc3 d6 8. Bxf6
Bxf6 9. Nd5 a6 10. Nxf6+ Qxf6 11. Bxc6 bxc6 12. Qd2 Qg6 13. Nh4 Qf6 14. g3 Bh3
15. Rfe1 g5 16. Ng2 Qf3 17. Ne3 d5 18. exd5 cxd5 19. Qe2 Qxe2 20. Rxe2 Rad8 21.
f4 exf4 22. gxf4 d4 23. Ng2 Bxg2 24. Rxg2 f6 25. fxg5 fxg5 26. Rxg5+ Kf7 27.
Rf1+ Ke7 28. Rg7+ Kd6 29. Rxf8 Rxf8 30. Rxh7 Rb8 31. b3 Rb5 32. h4 Ra5 33. a4
Rc5 34. Rh6+ Kd7 35. Rxa6 Rxc2 36. h5 Rc3 37. b4 Rxd3 38. Kf2 1-0

[Event "AUTO-MASTER-1920"]
[Site "http://www.queenalice.com/game.php?id=1205493"]
[Date "2013.8.5"]
[Round "1"]
[White "Vermelho"]
[Black "JailtonMaster"]
[Result "0-1"]
[WhiteElo "1969"]
[BlackElo "2013"]

1. e4 c6 2. d4 d5 3. e5 Bf5 4. Nf3 Nd7 5. Nc3 e6 6. Bd3 Bxd3 7. Qxd3 Rc8 8. O-O
c5 9. Be3 Qb6 10. Na4 Qb4 11. Nxc5 Nxc5 12. dxc5 Bxc5 13. b3 Bxe3 14. Qxe3 b6
15. Qg5 Qf8 16. Rac1 Ne7 17. Qf4 Ng6 18. Qa4+ Kd8 19. Qxa7 Qc5 20. Qxf7 Qe7 21.
Qxe7+ Kxe7 22. a4 Rhd8 23. Rfd1 h6 24. b4 Rc4 25. c3 Rdc8 26. Rd3 Rxb4 27. Ra1
Rb2 28. g3 Rc4 29. Nd4 Nxe5 30. Re3 Kf6 31. Rae1 Ng4 32. Rxe6+ Kf7 33. Re7+ Kg8
34. Rf1 Rxc3 35. Nf5 Rf3 0-1

[Event "AUTO-MASTER-1920"]
[Site "http://www.queenalice.com/game.php?id=1205500"]
[Date "2013.8.5"]
[Round "1"]
[White "axedre"]
[Black "Vermelho"]
[Result "1-0"]
[WhiteElo "2072"]
[BlackElo "1876"]

1. e4 e5 2. Nf3 Nc6 3. Bc4 Nf6 4. Ng5 d5 5. exd5 Nxd5 6. d4 f6 7. Ne4 Bf5 8.
Nbc3 Bb4 9. O-O Bxc3 10. Nxc3 Nxc3 11. bxc3 exd4 12. Re1+ Kd7 13. Qf3 g6 14. g4
Bxc2 15. Be6+ Ke8 16. Bb3+ Kd7 17. Bxc2 Kc8 18. Be4 Re8 19. Bb2 Qd6 20. Bf5+ Kd8
21. Rxe8+ Kxe8 22. Re1+ Kf7 23. Be6+ Kg7 24. cxd4 Qb4 25. Bc3 1-0

[Event "AUTO-MASTER-1920"]
[Site "http://www.queenalice.com/game.php?id=1205501"]
[Date "2013.8.5"]
[Round "1"]
[White "Vermelho"]
[Black "axedre"]
[Result "0-1"]
[WhiteElo "1885"]
[BlackElo "2063"]

1. e4 e5 2. Nf3 Nc6 3. Bb5 Nf6 4. Bxc6 dxc6 5. Nc3 Bd6 6. O-O Bg4 7. h3 Bh5 8.
Re1 Qd7 9. Re3 O-O-O 10. d4 Bb4 11. a3 Bc5 12. Nxe5 Qe7 13. Ne2 Qxe5 14. c3 Qe7
15. Qc2 Bb6 16. e5 Nd5 17. Qf5+ Kb8 18. Qxh5 Nxe3 19. Bxe3 Qe6 20. Nf4 Qb3 21.
Rb1 g6 22. Qe2 Rhe8 0-1

[Event "AUTO-INT-2564"]
[Site "http://www.queenalice.com/game.php?id=1207036"]
[Date "2013.8.10"]
[Round "2"]
[White "TIKAR"]
[Black "Vermelho"]
[Result "0-1"]
[WhiteElo "1791"]
[BlackElo "2038"]

1. e3 e5 2. a3 d5 3. d3 Nc6 4. h3 Nf6 5. Nf3 Bc5 6. d4 exd4 7. exd4 O-O 8. Bb5
Re8+ 9. Be3 Bd6 10. O-O a6 11. Bxc6 bxc6 12. Ne5 Bxe5 13. dxe5 Rxe5 14. Nd2 d4
15. Nf3 Rd5 16. Bf4 Ra7 17. Re1 d3 18. cxd3 Rxd3 19. Qc2 Bxh3 20. Ne5 Qd5 21. f3
Bf5 22. Nxd3 Bxd3 23. Qa4 Bb5 24. Qb4 c5 0-1

[Event "AUTO-INT-2564"]
[Site "http://www.queenalice.com/game.php?id=1207037"]
[Date "2013.8.10"]
[Round "2"]
[White "Vermelho"]
[Black "TIKAR"]
[Result "1-0"]
[WhiteElo "2044"]
[BlackElo "1785"]

1. e4 e5 2. Nf3 d6 3. Nc3 Nf6 4. Bc4 h6 5. O-O Be7 6. Re1 O-O 7. Nd5 Nxd5 8.
Bxd5 Be6 9. Bxb7 Nc6 10. Bxa8 Qxa8 11. d4 Na5 12. h3 d5 13. exd5 Bxd5 14. dxe5
Nc4 15. b3 Na3 16. Bxa3 Bxa3 17. c4 Be4 18. Qe2 Bg6 19. e6 Re8 20. e7 Rxe7 21.
Qd2 c5 22. Rxe7 Bb4 23. Qe2 f6 24. Nh4 Bf7 25. Nf5 1-0

[Event "AUTO-ADV-2782"]
[Site "http://www.queenalice.com/game.php?id=1214898"]
[Date "2013.9.7"]
[Round "2"]
[White "Vermelho"]
[Black "MrDJRVD"]
[Result "0-1"]
[WhiteElo "1995"]
[BlackElo "1749"]

1. e4 c5 2. Nf3 d6 3. Nc3 a6 4. Bc4 Nf6 5. O-O g6 6. Re1 Bg7 7. Ng5 O-O 8. Bxf7+
Rxf7 9. Nxf7 Kxf7 10. d3 b5 11. a3 Nc6 12. b4 cxb4 13. axb4 Nxb4 14. Nxb5 Bg4
0-1

[Event "AUTO-ADV-2782"]
[Site "http://www.queenalice.com/game.php?id=1214899"]
[Date "2013.9.7"]
[Round "2"]
[White "MrDJRVD"]
[Black "Vermelho"]
[Result "1-0"]
[WhiteElo "1721"]
[BlackElo "2023"]

1. d4 d5 2. c4 e6 3. cxd5 exd5 4. Nf3 Nf6 5. Bg5 Nc6 6. a3 Bd6 7. g3 O-O 8. Bg2
h6 9. Bxf6 Qxf6 10. O-O Bg4 11. e3 Bxf3 12. Bxf3 Ne7 13. Bg2 c5 14. Nc3 cxd4 15.
Qxd4 1-0

[Event "AUTO-ADV-2782"]
[Site "http://www.queenalice.com/game.php?id=1214900"]
[Date "2013.9.7"]
[Round "2"]
[White "Vermelho"]
[Black "Paulsains"]
[Result "0-1"]
[WhiteElo "2106"]
[BlackElo "1940"]

1. e4 e5 2. Nf3 Nf6 3. Nc3 Nc6 4. Bb5 d6 5. Bxc6+ bxc6 6. O-O Be7 7. Re1 O-O 8.
d4 exd4 9. Nxd4 Bb7 10. a4 c5 11. Nf3 h6 12. a5 a6 13. Nd5 Nxd5 14. exd5 Re8 15.
c4 c6 16. Qb3 Rb8 17. Qe3 Bf6 18. Qf4 Rxe1+ 19. Nxe1 cxd5 20. cxd5 Bxd5 21. Qg3
Rb3 22. Nd3 Bc4 23. Ra3 Rxa3 0-1

[Event "AUTO-ADV-2782"]
[Site "http://www.queenalice.com/game.php?id=1214901"]
[Date "2013.9.7"]
[Round "2"]
[White "Paulsains"]
[Black "Vermelho"]
[Result "1-0"]
[WhiteElo "1963"]
[BlackElo "2085"]

1. e4 e5 2. Nf3 Nc6 3. Bb5 Nf6 4. Nc3 a6 5. Bxc6 bxc6 6. O-O Bb4 7. a3 Bxc3 8.
dxc3 O-O 9. Re1 Re8 10. Bg5 Rb8 11. b4 h6 12. Bxf6 Qxf6 13. Qd2 d6 14. h3 Qg6
15. Nh4 Qf6 16. Re3 Qxh4 17. Rg3 Qf4 18. Qe2 g6 19. Qh5 Kh7 20. Qe2 h5 21. Rf3
Qg5 22. Rxf7+ Kh8 23. Rxc7 Bxh3 24. Qf3 1-0